000 00293nam a22001337a 4500
008 171010b xxu||||| |||| 00| 0 eng d
020 _a9780553379532
041 _aeng
080 _a316
100 _a50
101 _aSOC
245 _aWOMENS BODIES WIDSOM
_cNORTHRUP.CH
942 _2udc
_cBK
999 _c32772
_d32772